000 01140nam a2200229Ia 4500
001 16164
003 GE_BSU
008 181216s||||||||xx |||||||||||||| ||und||
040 _cGE_BSU
080 _a378(063)
245 _aბათუმის შ. რუსთაველის სახ-ფო უნივერსიტეტი. ნიკო ბერძენიშვილის ინსტიტუტი. შრომები X
245 _cსარედ.საბჭო ბ.დიასამიძე, ო. თურმანიძე. ნ.ინაიშვილი და სხვ.
260 _aბათუმი
260 _bბსუ
260 _c2014
300 _a273გვ. ილ.27სმ.
541 _h9ლ.995თ.
653 _aბათუმის შ. რუსთაველის სახ-ფო უნივერსიტეტი
653 _aნიკო ბერძენიშვილის.ინსტ. დაარს. 55 წლისთავის. მიძღვნ. საიუბილეო მასალები
653 _aშრომები X
942 _cBK
999 _c49250
_d49250